000 00921nam a2200217 i 4500
001 162135
003 ES-MaACL
005 20230906212434.0
008 981217s1868 fr |||| | fre d
100 1 _aPillon, F.
_9131161
245 1 2 _aL'année philosophique, études critiques sur le mouvement des idées générales dans les divers ordres de connaissances
_b: première année (1867) /
_cpar M. F. Pillon ; avec une introduction par M. Ch. Renouvier ; Félix Henneguy, René Ménard, Alfred Deberle ... [et al.].
260 _aParis :
_bLibrairie Germer Baillière,
_c1868 (
_fImp. de Mme. Ve Belin)
300 _a595 p. ;
_c18 cm.
650 0 4 _aFilosofía-
_yS.XIX.
_9163575
700 1 _aRenouvier, Charles.
_996235
700 1 _aHenneguy, Félix.
_962552
700 1 _aMénard, René.
_980075
700 1 _aDeberle, Alfred.
_943119
752 _aFrancia -
_dParís
852 _aES-MaACL
_jF-11752
_z- Enc. hol.
999 _c162135
_d162135